[Event "Charlesbourg Keres"]
[Site "Charlesbourg"]
[Date "2010.03.29"]
[Round "2"]
[White "Toscani, Marco"]
[Black "Gaudreault, Stephane"]
[Result "0-1"]
[WhiteElo "1644"]
[BlackElo "1585"]
[PlyCount "89"]
[EventDate "2010.03.22"]
[EventType "swiss"]
[EventRounds "5"]
[EventCountry "CAN"]
[SourceTitle "EXT 2022"]
[Source "ChessBase"]
[SourceDate "2021.10.06"]
[SourceVersion "1"]
[SourceVersionDate "2021.10.06"]
[SourceQuality "1"]

1. e4 e5 2. Nf3 Nc6 3. Nc3 d6 4. Nd5 Nf6 5. d3 Nxd5 6. exd5 Ne7 7. Bg5 f6 8. Bh4 Nxd5 9. g3 g5 10. Nxg5 fxg5 11. Qh5+ Kd7 12. Bxg5 Be7 13. Bh3+ Kc6 14. Bxe7 Qxe7 15. Bg2 Kc5 16. c4 Nb4 17. Qe2 Nc6 18. b4+ Kb6 19. c5+ dxc5 20. bxc5+ Qxc5 21. Rb1+ Nb4 22. 0-0 a5 23. a3 Qd4 24. axb4 axb4 25. Qd2 c5 26. Qh6+ Kc7 27. Qg7+ Bd7 28. Rfe1 Rae8 29. Ra1 Rhf8 30. Rf1 Rxf2 31. Rxf2 Qxa1+ 32. Bf1 Qd4 33. Qf7 Ra8 34. Qc4 Ra6 35. Qxd4 exd4 36. Rf7 b3 37. Bh3 b2 38. Bxd7 b1Q+ 39. Kg2 Qa2+ 40. Rf2 Qd5+ 41. Kh3 Rh6+ 42. Kg4 Qxd7+ 43. Kf3 Qd5+ 44. Ke2 Re6+ 45. Kd2 0-1